| 000 | 00841nam a2200265 a 4500 | ||
|---|---|---|---|
| 001 | 000014542 | ||
| 005 | 20260312135028.0 | ||
| 008 | 100113s1994 sp a 000 0 spa d | ||
| 020 | _a8437611237 | ||
| 040 |
_aDO-SdBNP _bspa _cBNPHU |
||
| 082 |
_a862.2 _bV145d, 1994 |
||
| 100 | 1 |
_aValdés, Alfonso de, _d1490-1532 _932923 |
|
| 245 | 1 | 0 |
_aDiálogo de las cosas ocurridas en Roma / _cAlfonso de Valdés ; edición de Rosa Navarro Durán. |
| 250 | _a3a ed. | ||
| 260 |
_aMadrid : _bCátedra, _c1994. |
||
| 300 |
_a236, [3] p. : _bil. ; _c18 cm. |
||
| 490 | 1 |
_aLetras hispánicas _v357 |
|
| 650 | 4 |
_aTeatro español _93071 |
|
| 650 | 0 |
_aDiálogos _932924 |
|
| 650 | 4 |
_aLiteratura española _ySIGLO XVI _98688 |
|
| 700 | 1 |
_aNavarro Durán, Rosa, _eed. _915576 |
|
| 830 | 0 |
_aLetras hispánicas ; _v357 _94208 |
|
| 910 | _aWM | ||
| 049 | _aBNGR | ||
| 999 |
_c14129 _d14129 |
||